Statistics for The USA Quiz - B

Click here to take the quiz!

General Stats

  • This quiz has been taken 267 times
    (233 since last reset)
  • The average score is 18 of 33

Answer Stats

ClueAnswer% Correct
Sport with 4 basesBaseball
94%
41st PresidentGeorge H. W. {Bush}
91%
43rd PresidentGeorge W. {Bush}
91%
Home of the WhopperBurger King
81%
Theater district of New York CityBroadway
78%
Largest Cities beginning with BBoston
78%
What retailers scan at checkoutsBarcode
72%
NFLChicago {Bears}
72%
Nickname for the DollarBuck
71%
National animal of the United StatesBald Eagle
69%
NFLDenver {Broncos}
67%
NBAChicago {Bulls}
67%
Used to cover fragile packaged items, or just to popBubble wrap
64%
Used to mix and liquidize foodsBlender
60%
Largest Cities beginning with BBaltimore
59%
Maker of the Jumbo Jet and DreamlinerBoeing
59%
Assassinated LincolnJohn Wilkes Booth
57%
Major LeagueAtlanta {Braves}
52%
NFLTampa Bay {Buccaneers}
52%
15th PresidentJames {Buchanan}
49%
Used to move material at construction sitesBulldozer
48%
Discount electronic storeBest Buy
46%
A quick bread, _______ and gravyBiscuit
42%
NHLSt Louis {Blues}
38%
NHLChicago {Blackhawks}
36%
Largest Cities beginning with BBuffalo
31%
NHLColumbus {Blue} {Jackets}
28%
Largest Cities beginning with BBaton Rouge
28%
Owns one of the above companies, 4th Richest ManWarren Buffett
25%
Largest Cities beginning with BBakersfield
22%
Ice cream, sponge and a browned meringueBaked Alaska
15%
Omaha Conglomerate that operates Heinz, Dairy QueenBerkshire Hathaway
14%
Utah National ParkBryce Canyon
12%

Score Distribution

Percentile by Number Answered

Percent of People with Each Score

Your Score History

You have not taken this quiz since the last reset